[Event "2. Bundesliga Ost 2010/2011"]
[Site "2+3.10.Zwettl,30.10-1.11.Wien,27+28.11.Wien,29+30.
[Date "2010.10.31"]
[Round "4"]
[Board "4"]
[White "Kopinits, Anna-Christina"]
[Black "Hansen, Kay"]
[Result "1-0"]
[WhiteElo "2210"]
[BlackElo "2247"]
[PlyCount "101"]
[EventDate "2010.10.02"]
[EventType "team"]
[EventRounds "11"]
[EventCountry "AUT"]
[WhiteTeam "ASVOE Wulkaprodersdorf"]
[BlackTeam "Niederabsdorf"]

1.e4 d5 2.exd5 Nf6 3.d4 Nxd5 4.Nf3 c6 5.c4 Nf6 6.Nc3 Bg4 7.Be2 e6 8.O-O Be7
9.Be3 O-O 10.Ne5 Bxe2 11.Qxe2 Nbd7 12.Rad1 Bb4 13.Rd3 Bxc3 14.Rxc3 h6 15.Bf4 Kh7
16.Qc2+ Kh8 17.Rh3 Nxe5 18.dxe5 Ng8 19.Rd1 Qa5 20.Ra3 Qc5 21.h3 Rad8 22.Rxd8
Rxd8 23.Be3 Qxe5 24.Rxa7 Rd7 25.Qb3 Qc7 26.g3 Ne7 27.Bb6 Qe5 28.Ra8+ Kh7 29.Rd8
Qe1+ 30.Kg2 Rxd8 31.Bxd8 Nf5 32.Qd3 Kg8 33.g4 Qe5 34.gxf5 exf5 35.b3 f4 36.a4 f6
37.Bb6 Qg5+ 38.Kh2 Qh5 39.b4 Qe5 40.Qd8+ Kf7 41.Qc7+ Ke6 42.Qxe5+ fxe5 43.f3 e4
44.fxe4 Ke5 45.a5 Kxe4 46.b5 cxb5 47.cxb5 Kd5 48.h4 g5 49.h5 Kd6 50.Kh3 Kd5
51.Kg4 1-0

[Event "2. Bundesliga Ost 2010/2011"]
[Site "2+3.10.Zwettl,30.10-1.11.Wien,27+28.11.Wien,29+30.
[Date "2010.10.31"]
[Round "4"]
[Board "5"]
[White "Wiedermann, Daniel"]
[Black "Wanderer, Thomas"]
[Result "1/2-1/2"]
[WhiteElo "2192"]
[BlackElo "2220"]
[PlyCount "36"]
[EventDate "2010.10.02"]
[EventType "team"]
[EventRounds "11"]
[EventCountry "AUT"]
[WhiteTeam "Niederabsdorf"]
[BlackTeam "ASVOE Wulkaprodersdorf"]

1.d4 Nf6 2.c4 e6 3.g3 Bb4+ 4.Bd2 Be7 5.Bg2 d5 6.Nf3 O-O 7.O-O c6 8.Qc2 b6 9.Nc3
Bb7 10.cxd5 cxd5 11.Bf4 a6 12.Rfc1 Nc6 13.a3 Rc8 14.Qd3 Bd6 15.Bg5 Be7 16.Bf4
Bd6 17.Bg5 Be7 18.Bf4 Bd6 1/2-1/2

[Event "2. Bundesliga Ost 2010/2011"]
[Site "2+3.10.Zwettl,30.10-1.11.Wien,27+28.11.Wien,29+30.
[Date "2010.10.31"]
[Round "4"]
[Board "6"]
[White "Sekyra, Michael"]
[Black "Teuber, Andreas"]
[Result "1/2-1/2"]
[WhiteElo "2111"]
[BlackElo "2167"]
[PlyCount "25"]
[EventDate "2010.10.02"]
[EventType "team"]
[EventRounds "11"]
[EventCountry "AUT"]
[WhiteTeam "ASVOE Wulkaprodersdorf"]
[BlackTeam "Niederabsdorf"]

1.e4 c5 2.Nf3 Nc6 3.d4 cxd4 4.Nxd4 Nf6 5.Nc3 e5 6.Ndb5 d6 7.Bg5 a6 8.Na3 b5
9.Nd5 Qa5+ 10.Bd2 Qd8 11.Bg5 Qa5+ 12.Bd2 Qd8 13.Bg5 1/2-1/2

[Event "2. Bundesliga Ost 2010/2011"]
[Site "2+3.10.Zwettl,30.10-1.11.Wien,27+28.11.Wien,29+30.
[Date "2010.10.31"]
[Round "4"]
[Board "1"]
[White "Fauland, Alexander"]
[Black "Michalik, Peter"]
[Result "1-0"]
[WhiteElo "2436"]
[BlackElo "2455"]
[PlyCount "101"]
[EventDate "2010.10.02"]
[EventType "team"]
[EventRounds "11"]
[EventCountry "AUT"]
[WhiteTeam "Raiffeisen Waehring"]
[BlackTeam "1. Wr. Neustaedter SV"]

1.Nf3 Nf6 2.b3 d5 3.Bb2 Bg4 4.e3 Nbd7 5.h3 Bh5 6.g4 Bg6 7.Nh4 e5 8.d3 Bd6 9.Bg2
c6 10.Nd2 O-O 11.Nxg6 hxg6 12.h4 Nc5 13.g5 Nh7 14.Qg4 Qd7 15.Qxd7 Nxd7 16.c4
dxc4 17.Nxc4 Bc7 18.Bh3 Nc5 19.O-O-O e4 20.dxe4 Nxe4 21.Rhf1 Rfd8 22.Bg2 Rxd1+
23.Kxd1 Nd6 24.Nxd6 Bxd6 25.Ke2 Nf8 26.Rd1 Be7 27.Bh3 Re8 28.f4 Bc5 29.Bd4 Bxd4
30.Rxd4 f6 31.Ra4 a6 32.Rb4 Re7 33.Bc8 b5 34.Rd4 a5 35.Rd6 Rc7 36.Bg4 a4 37.bxa4
Ra7 38.Rxc6 Rxa4 39.Rc2 Kf7 40.Bf3 Ke7 41.Bc6 Ra5 42.Bd5 Kd6 43.e4 Nd7 44.Rc6+
Ke7 45.Bb3 Ra8 46.Kf3 Rh8 47.Kg4 Ra8 48.e5 fxe5 49.Rxg6 Kf8 50.f5 Nc5 51.f6 1-0

[Event "2. Bundesliga Ost 2010/2011"]
[Site "2+3.10.Zwettl,30.10-1.11.Wien,27+28.11.Wien,29+30.
[Date "2010.10.31"]
[Round "4"]
[Board "2"]
[White "Schroll, Gerhard"]
[Black "Mahdy, Khaled"]
[Result "1-0"]
[WhiteElo "2449"]
[BlackElo "2401"]
[PlyCount "193"]
[EventDate "2010.10.02"]
[EventType "team"]
[EventRounds "11"]
[EventCountry "AUT"]
[WhiteTeam "1. Wr. Neustaedter SV"]
[BlackTeam "Raiffeisen Waehring"]

1.e4 c6 2.c4 e5 3.Nf3 d6 4.d4 Nd7 5.Nc3 Ngf6 6.Be2 Be7 7.O-O O-O 8.Re1 Re8 9.Bf1
Bf8 10.Rb1 h6 11.d5 a6 12.h3 Nh7 13.Be3 cxd5 14.cxd5 Be7 15.b4 Ng5 16.Nd2 Bf8
17.Nc4 Qf6 18.Qd3 Qg6 19.Kh2 b5 20.Nd2 Nf6 21.f3 Bd7 22.Rec1 Be7 23.Ne2 Bd8
24.Ng3 Nh5 25.Nxh5 Qxh5 26.a3 Qg6 27.Qc2 f5 28.Bd3 f4 29.Bf2 Qh5 30.Bf1 Rf8
31.Qd1 Rf6 32.Rc3 Rg6 33.Nb3 Rb8 34.Na5 Bb6 35.Bxb6 Rxb6 36.Nc6 Kf8 37.Nd8 Ke7
38.Ne6 Bxe6 39.dxe6 Nxe6 40.Qd5 Qh4 41.Rbc1 Qf2 42.R3c2 Qd4 43.Rc7+ Kf6 44.R7c6
Rxc6 45.Rxc6 Ke7 46.Qxd4 Nxd4 47.Rxa6 Kd7 48.a4 bxa4 49.b5 Kc7 50.Rxa4 d5
51.exd5 Rb6 52.Ra7+ Kd6 53.Rxg7 Kxd5 54.Bd3 Re6 55.Rc7 Rb6 56.h4 Nxb5 57.Bc4+
Kd4 58.Bxb5 Rxb5 59.Rc6 h5 60.Rf6 Rb2 61.Rf5 Kd5 62.Rxh5 Ke6 63.Rg5 Kf6 64.Rg8
Ra2 65.Rf8+ Kg6 66.Kh3 Re2 67.Rg8+ Kh5 68.Rg4 Kh6 69.Rg5 e4 70.Rf5 exf3 71.gxf3
Re1 72.Rxf4 Rg1 73.Rf6+ Kh5 74.Rf5+ Kh6 75.Re5 Kg6 76.f4 Rh1+ 77.Kg3 Rg1+ 78.Kf2
Rh1 79.Rg5+ Kh6 80.Kg3 Rg1+ 81.Kf3 Re1 82.Kg4 Rg1+ 83.Kf5 Rh1 84.Rg6+ Kh7 85.Rg4
Ra1 86.Kg5 Ra8 87.f5 Rg8+ 88.Kf4 Ra8 89.Rg6 Ra1 90.Kg5 Rg1+ 91.Kf6 Ra1 92.Rg4
Kh6 93.Re4 Ra6+ 94.Kf7 Ra7+ 95.Re7 Ra4 96.f6 Rxh4 97.Kg8 1-0

[Event "2. Bundesliga Ost 2010/2011"]
[Site "2+3.10.Zwettl,30.10-1.11.Wien,27+28.11.Wien,29+30.
[Date "2010.10.31"]
[Round "4"]
[Board "3"]
[White "Alvir, Aco"]
[Black "Steiner, Adam"]
[Result "0-1"]
[WhiteElo "2360"]
[BlackElo "2232"]
[PlyCount "124"]
[EventDate "2010.10.02"]
[EventType "team"]
[EventRounds "11"]
[EventCountry "AUT"]
[WhiteTeam "Raiffeisen Waehring"]
[BlackTeam "1. Wr. Neustaedter SV"]

1.e4 c5 2.Nf3 d6 3.c3 Nf6 4.Bd3 Bg4 5.h3 Bh5 6.O-O Nc6 7.Re1 e6 8.Bc2 d5 9.d3
Be7 10.Bf4 O-O 11.Nbd2 Nd7 12.exd5 exd5 13.Nf1 d4 14.c4 g5 15.Bd2 f5 16.Ba4 Nde5
17.Bxc6 Nxc6 18.Ng3 Bg6 19.Qb3 g4 20.Qxb7 gxf3 21.Qxc6 f4 22.Bxf4 Rxf4 23.Rxe7
Qxe7 24.Qxa8+ Kg7 25.gxf3 Rf8 26.Qd5 Bxd3 27.Rd1 Bc2 28.Rf1 Bg6 29.b4 Rd8
30.Qxc5 Qxc5 31.bxc5 Kf6 32.Rd1 Ke5 33.Re1+ Kf4 34.Kg2 d3 35.Nf1 Bf5 36.Nd2 Rg8+
37.Kh2 Rb8 38.c6 Rc8 39.h4 Rxc6 40.Rc1 Ra6 41.c5 Rxa2 42.Rc4+ Ke5 43.Nb3 Rb2
44.f4+ Kd5 45.Rd4+ Kc6 46.Rd6+ Kc7 47.Nd4 Bd7 48.Nf3 Bb5 49.Kg3 Rc2 50.Nd4 Bc4
51.f5 a5 52.Ne6+ Bxe6 53.fxe6 Rxc5 54.Rxd3 Re5 55.Rd7+ Kb6 56.Rxh7 Rxe6 57.h5 a4
58.Rg7 a3 59.Rg6 Rxg6+ 60.hxg6 a2 61.g7 a1=Q 62.g8=Q Qg1+ 0-1

[Event "2. Bundesliga Ost 2010/2011"]
[Site "2+3.10.Zwettl,30.10-1.11.Wien,27+28.11.Wien,29+30.
[Date "2010.10.31"]
[Round "4"]
[Board "4"]
[White "Todor, Razvan"]
[Black "Bawart, Markus"]
[Result "0-1"]
[WhiteElo "2221"]
[BlackElo "2416"]
[PlyCount "70"]
[EventDate "2010.10.02"]
[EventType "team"]
[EventRounds "11"]
[EventCountry "AUT"]
[WhiteTeam "1. Wr. Neustaedter SV"]
[BlackTeam "Raiffeisen Waehring"]

1.e4 Nf6 2.e5 Nd5 3.d4 d6 4.c4 Nb6 5.exd6 cxd6 6.Nf3 g6 7.Be2 Bg7 8.O-O O-O
9.Be3 Nc6 10.h3 d5 11.c5 Nc4 12.Bxc4 dxc4 13.Na3 Be6 14.Rc1 Qa5 15.Nxc4 Qa6
16.b3 Rfd8 17.Qd2 Bd5 18.Qe2 Bxf3 19.Qxf3 Nxd4 20.Bxd4 Bxd4 21.Rc2 Rac8 22.b4 b6
23.c6 Qa4 24.Rfc1 Rxc6 25.a3 Rf6 26.Qe4 Bxf2+ 27.Kh1 Re6 28.Qf3 Bd4 29.Rd2 Qc6
30.Qd1 Qe4 31.Rd3 Rd5 32.Qd2 b5 33.Na5 Be3 34.Rc8+ Kg7 35.Qc3+ Bd4 0-1

[Event "2. Bundesliga Ost 2010/2011"]
[Site "2+3.10.Zwettl,30.10-1.11.Wien,27+28.11.Wien,29+30.
[Date "2010.10.31"]
[Round "4"]
[Board "5"]
[White "Brustkern, Juergen"]
[Black "Wiedner, Robert"]
[Result "1/2-1/2"]
[WhiteElo "2299"]
[BlackElo "2189"]
[PlyCount "113"]
[EventDate "2010.10.02"]
[EventType "team"]
[EventRounds "11"]
[EventCountry "AUT"]
[WhiteTeam "Raiffeisen Waehring"]
[BlackTeam "1. Wr. Neustaedter SV"]

1.d4 Nf6 2.c4 e6 3.Nc3 Bb4 4.a3 Bxc3+ 5.bxc3 d6 6.e4 Nxe4 7.Qg4 f5 8.Qxg7 Qf6
9.Qxf6 Nxf6 10.Ne2 Nbd7 11.Nf4 Nf8 12.Be2 Bd7 13.Bf3 O-O-O 14.Rb1 Ne4 15.O-O Ng6
16.Re1 Nxf4 17.Bxf4 Bc6 18.Rbc1 Rhg8 19.Red1 Ng5 20.Bxc6 Nh3+ 21.Kf1 Nxf4 22.Bf3
Ng6 23.Rb1 c6 24.g3 Kc7 25.Rb2 e5 26.Rdb1 Rb8 27.Bh5 Nf8 28.c5 d5 29.dxe5 Rg5
30.Bf7 Nd7 31.e6 Nxc5 32.e7 Rgg8 33.Re1 Rge8 34.Re3 Ne4 35.Bxe8 Rxe8 36.f3 Nd6
37.Rbe2 Kd7 38.Re5 a5 39.Ke1 a4 40.Kd1 Nb5 41.Kd2 Nxa3 42.Rxf5 Nb5 43.Rf4 a3
44.Ra4 Nd6 45.Kc2 Nc4 46.f4 Nd6 47.Rxa3 Ne4 48.Ra7 Kc7 49.Ra1 Rxe7 50.g4 Rf7
51.f5 Kd6 52.Rf1 b5 53.h4 h6 54.Rf3 Ke5 55.Rg2 Kf6 56.Kb2 Rb7 57.Re3 1/2-1/2

[Event "2. Bundesliga Ost 2010/2011"]
[Site "2+3.10.Zwettl,30.10-1.11.Wien,27+28.11.Wien,29+30.
[Date "2010.10.31"]
[Round "4"]
[Board "6"]
[White "Lucaci, Marius"]
[Black "Nolz, Tom"]
[Result "0-1"]
[WhiteElo "2148"]
[BlackElo "2165"]
[PlyCount "102"]
[EventDate "2010.10.02"]
[EventType "team"]
[EventRounds "11"]
[EventCountry "AUT"]
[WhiteTeam "1. Wr. Neustaedter SV"]
[BlackTeam "Raiffeisen Waehring"]

1.e4 c5 2.Nf3 d6 3.d4 cxd4 4.Nxd4 Nf6 5.Nc3 g6 6.f4 Nc6 7.Be3 Ng4 8.Bg1 Bg7
9.Bb5 O-O 10.h3 Nxd4 11.Bxd4 e5 12.fxe5 Qh4+ 13.Kd2 Bh6+ 14.Ke2 Nxe5 15.Qg1 f5
16.Rf1 Qh5+ 17.Ke1 Qg5 18.Rf2 Be6 19.Re2 Qc1+ 20.Nd1 f4 21.Bxe5 dxe5 22.Kf2 f3
23.gxf3 Qf4 24.Qg3 Qf6 25.Kg2 Bf4 26.Qf2 Qg5+ 27.Kf1 Rf7 28.Ne3 Raf8 29.Ng2 Bg3
30.h4 Qc1+ 31.Re1 Qxe1+ 32.Nxe1 Bxf2 33.Kxf2 a6 34.Be2 Bxa2 35.Nd3 Rc7 36.Rc1
Rfc8 37.c3 Re8 38.Ke3 Bc4 39.Bd1 Bxd3 40.Kxd3 Rd8+ 41.Ke3 Rcd7 42.Bb3+ Kg7
43.Bd5 Rf8 44.Rh1 Rf4 45.h5 g5 46.Be6 Rd6 47.Bg4 h6 48.Ra1 Rf8 49.Ra5 Kf6 50.Rc5
Rfd8 51.Rc7 Rd3+ 0-1

[Event "2. Bundesliga Ost 2010/2011"]
[Site "2+3.10.Zwettl,30.10-1.11.Wien,27+28.11.Wien,29+30.
[Date "2010.10.31"]
[Round "4"]
[Board "1"]
[White "Polak, Thomas"]
[Black "Cvek, Robert"]
[Result "1/2-1/2"]
[WhiteElo "2535"]
[BlackElo "2494"]
[PlyCount "63"]
[EventDate "2010.10.02"]
[EventType "team"]
[EventRounds "11"]
[EventCountry "AUT"]
[WhiteTeam "SK Zwettl"]
[BlackTeam "ASVOE Pamhagen"]

1.Nf3 c5 2.c4 Nc6 3.Nc3 g6 4.e3 Bg7 5.d4 d6 6.Be2 Nf6 7.d5 Na5 8.a3 O-O 9.Bd2 b6
10.b4 Nb7 11.e4 Bg4 12.O-O Nd7 13.Ne1 Bxe2 14.Qxe2 cxb4 15.axb4 a5 16.Nc2 axb4
17.Nxb4 Na5 18.Rac1 Nb3 19.Rb1 Nxd2 20.Qxd2 Ne5 21.Nb5 Nxc4 22.Qe2 Na5 23.Rfc1
Rc8 24.Nc6 Qd7 25.Nba7 Nxc6 26.Nxc8 Rxc8 27.dxc6 Rxc6 28.Rxc6 Qxc6 29.g3 Bd4
30.Kg2 Kg7 31.Qd3 e5 32.f3 1/2-1/2

[Event "2. Bundesliga Ost 2010/2011"]
[Site "2+3.10.Zwettl,30.10-1.11.Wien,27+28.11.Wien,29+30.
[Date "2010.10.31"]
[Round "4"]
[Board "2"]
[White "Lipka, Juraj"]
[Black "Blatny, Pavel"]
[Result "1-0"]
[WhiteElo "2414"]
[BlackElo "2402"]
[PlyCount "99"]
[EventDate "2010.10.02"]
[EventType "team"]
[EventRounds "11"]
[EventCountry "AUT"]
[WhiteTeam "ASVOE Pamhagen"]
[BlackTeam "SK Zwettl"]

1.d4 Nf6 2.Nf3 d6 3.c4 g6 4.g3 Bg7 5.Bg2 c6 6.Nc3 Qc7 7.O-O O-O 8.e4 Bg4 9.h3
Bxf3 10.Bxf3 e5 11.Be3 Nbd7 12.Bg2 Rfe8 13.Rc1 Nf8 14.d5 c5 15.b4 b6 16.bxc5
dxc5 17.Nb5 Qd7 18.a4 a6 19.Nc3 a5 20.Rb1 Rab8 21.Rb3 Qd8 22.f4 Nh5 23.Ne2 Nd7
24.f5 Bf6 25.Qd2 Ng7 26.g4 g5 27.Kf2 Nf8 28.d6 h6 29.Rfb1 Nd7 30.Nc3 Qc8 31.h4
Qc6 32.Nb5 gxh4 33.Rh1 Bd8 34.Bxh6 Nf6 35.Qe2 Nh7 36.Qe3 f6 37.Rxh4 Ng5 38.Rb1
Kf7 39.Rbh1 Rg8 40.Bxg5 fxg5 41.Rh7 Rb7 42.R1h6 Kf8 43.Rh8 Ne8 44.Qh3 Bf6
45.Rxg8+ Kxg8 46.Qh5 Rf7 47.Rg6+ Rg7 48.Rxg7+ Bxg7 49.Qxg5 Nf6 50.Qg6 1-0

[Event "2. Bundesliga Ost 2010/2011"]
[Site "2+3.10.Zwettl,30.10-1.11.Wien,27+28.11.Wien,29+30.
[Date "2010.10.31"]
[Round "4"]
[Board "3"]
[White "Vyskocil, Neklan"]
[Black "Vitouch, Anatol"]
[Result "0-1"]
[WhiteElo "2376"]
[BlackElo "2262"]
[PlyCount "74"]
[EventDate "2010.10.02"]
[EventType "team"]
[EventRounds "11"]
[EventCountry "AUT"]
[WhiteTeam "SK Zwettl"]
[BlackTeam "ASVOE Pamhagen"]

1.e4 Nc6 2.Nf3 Nf6 3.e5 Nd5 4.d4 d6 5.c4 Nb6 6.e6 fxe6 7.Nc3 Nd7 8.Bd3 Nf6 9.O-O
Qd7 10.Re1 g6 11.Bc2 Nd8 12.Ne2 Bg7 13.Nf4 O-O 14.Bd2 b5 15.cxb5 Bb7 16.Qe2 Bxf3
17.Qxf3 Rb8 18.Qh3 Qxb5 19.Bb3 Qf5 20.Qxf5 gxf5 21.Nxe6 Nxe6 22.Rxe6 Ne4 23.Be3
Kf7 24.Rxe4+ Rxb3 25.axb3 fxe4 26.Rxa7 Rb8 27.Rxc7 Rxb3 28.Rc2 Rd3 29.Rd2 Bxd4
30.Rxd3 exd3 31.Bc1 Bxb2 32.Bd2 Ke6 33.g4 Kd5 34.h4 Kc4 35.Kg2 Bc3 36.Be3 d2
37.Bxd2 Bxd2 0-1

[Event "2. Bundesliga Ost 2010/2011"]
[Site "2+3.10.Zwettl,30.10-1.11.Wien,27+28.11.Wien,29+30.
[Date "2010.10.31"]
[Round "4"]
[Board "4"]
[White "Hangweyrer, Manfred"]
[Black "Pisk, Petr"]
[Result "1/2-1/2"]
[WhiteElo "2334"]
[BlackElo "2313"]
[PlyCount "81"]
[EventDate "2010.10.02"]
[EventType "team"]
[EventRounds "11"]
[EventCountry "AUT"]
[WhiteTeam "ASVOE Pamhagen"]
[BlackTeam "SK Zwettl"]

1.e4 d5 2.exd5 Nf6 3.Nf3 Nxd5 4.d4 Bg4 5.Be2 e6 6.h3 Bh5 7.O-O Nc6 8.Nc3 Be7
9.Nxd5 exd5 10.Bf4 O-O 11.c3 Re8 12.Re1 Bd6 13.Qd2 Re4 14.Bxd6 Qxd6 15.Ng5 Rxe2
16.Rxe2 Bxe2 17.Qxe2 h6 18.Nf3 a6 19.Re1 Rf8 20.Nh4 Qf6 21.g3 Rd8 22.Qc2 g6
23.Re3 Rd6 24.Ng2 Ne7 25.Qb3 Rb6 26.Qa3 Kf8 27.Nf4 Qd6 28.b4 Qd7 29.Kg2 Nf5
30.Re5 Rd6 31.Qc1 Ng7 32.Nd3 g5 33.Nc5 Qc8 34.Qc2 Kg8 35.Qe2 Rd8 36.Qf3 b6
37.Nd3 Qd7 38.h4 gxh4 39.Nf4 c6 40.Nh5 h3+ 41.Kh2 1/2-1/2

[Event "2. Bundesliga Ost 2010/2011"]
[Site "2+3.10.Zwettl,30.10-1.11.Wien,27+28.11.Wien,29+30.
[Date "2010.10.31"]
[Round "4"]
[Board "5"]
[White "Wagner, Stefan"]
[Black "Kuthan, Andreas"]
[Result "1/2-1/2"]
[WhiteElo "2173"]
[BlackElo "2204"]
[PlyCount "60"]
[EventDate "2010.10.02"]
[EventType "team"]
[EventRounds "11"]
[EventCountry "AUT"]
[WhiteTeam "SK Zwettl"]
[BlackTeam "ASVOE Pamhagen"]

1.c4 Nf6 2.g3 g6 3.Bg2 Bg7 4.Nc3 O-O 5.e4 d6 6.Nge2 e5 7.O-O Be6 8.d3 c6 9.Kh1
Na6 10.f4 Qd7 11.Be3 Nc7 12.Qd2 Ng4 13.Bg1 d5 14.exd5 cxd5 15.c5 d4 16.Ne4 f6
17.h3 Nh6 18.fxe5 fxe5 19.g4 Qe7 20.Qg5 Qxg5 21.Nxg5 Bd5 22.Bxd5+ Nxd5 23.Ne6
Rxf1 24.Rxf1 Nf7 25.a3 Bh6 26.Re1 Bd2 27.Rd1 Bh6 28.Re1 Bd2 29.Rd1 Bh6 30.Re1
Bd2 1/2-1/2

[Event "2. Bundesliga Ost 2010/2011"]
[Site "2+3.10.Zwettl,30.10-1.11.Wien,27+28.11.Wien,29+30.
[Date "2010.10.31"]
[Round "4"]
[Board "6"]
[White "Travenec, Igor"]
[Black "Stadler, Peter"]
[Result "0-1"]
[WhiteElo "2233"]
[BlackElo "2169"]
[PlyCount "100"]
[EventDate "2010.10.02"]
[EventType "team"]
[EventRounds "11"]
[EventCountry "AUT"]
[WhiteTeam "ASVOE Pamhagen"]
[BlackTeam "SK Zwettl"]

1.e4 c5 2.Nf3 e6 3.d4 cxd4 4.Nxd4 Nf6 5.Nc3 d6 6.Be2 Be7 7.O-O a6 8.a4 Nc6 9.Be3
Qc7 10.f4 O-O 11.Qe1 Bd7 12.Qg3 Rac8 13.Rad1 g6 14.f5 d5 15.Nxc6 Qxc6 16.e5 Ne4
17.Nxe4 dxe4 18.f6 Bc5 19.Kh1 Rfd8 20.Bxc5 Qxc5 21.Rd6 Bxa4 22.Qf4 Kh8 23.Qh6
Rg8 24.b3 Qxe5 25.Rd2 Bc6 26.Qe3 Rcd8 27.Rxd8 Rxd8 28.Qh6 Rg8 29.Qe3 g5 30.Bh5
Be8 31.h3 h6 32.Kg1 Rf8 33.c4 Kh7 34.Qb6 Bc6 35.Qb4 Kg8 36.Qe7 e3 37.Re1 Qb2
38.Re2 Qxb3 39.Kh2 Qxc4 40.Rxe3 Qf4+ 41.Rg3 a5 42.Bg6 a4 43.Bh7+ Kxh7 44.Qxf8
Qxf6 45.h4 Qf4 46.hxg5 hxg5 47.Kg1 Qxg3 48.Qxf7+ Kh6 49.Qxe6+ Kh5 50.Qf7+ Kh4 0-1

[Event "2. Bundesliga Ost 2010/2011"]
[Site "2+3.10.Zwettl,30.10-1.11.Wien,27+28.11.Wien,29+30.
[Date "2010.11.01"]
[Round "5"]
[Board "1"]
[White "Maslik, Miroslav"]
[Black "Hodisch, Juri"]
[Result "1/2-1/2"]
[WhiteElo "2402"]
[BlackElo "2393"]
[PlyCount "72"]
[EventDate "2010.10.02"]
[EventType "team"]
[EventRounds "11"]
[EventCountry "AUT"]
[WhiteTeam "ASVOE Pamhagen"]
[BlackTeam "Aljechin/Wieden"]

1.d4 Nf6 2.c4 e6 3.g3 c5 4.d5 exd5 5.cxd5 b5 6.Nf3 d6 7.e4 Qa5+ 8.Nfd2 Ba6 9.Bg2
b4 10.Qb3 Qb5 11.Bf1 Qb7 12.Qa4+ Nfd7 13.Bxa6 Qxa6 14.Qxa6 Nxa6 15.Nc4 Nb6
16.Nbd2 f5 17.f3 Be7 18.a4 fxe4 19.fxe4 O-O-O 20.b3 Rhe8 21.Nxb6+ axb6 22.Ke2
Bg5 23.Nc4 Bf6 24.Rb1 Rxe4+ 25.Kf3 Rd4 26.Be3 Rd3 27.Rhd1 Rxd1 28.Rxd1 Kc7
29.Bf4 g5 30.Be3 Nb8 31.Kg4 Nd7 32.Rf1 Rg8 33.Rf5 Rg6 34.Kf3 Rg7 35.Kg4 Rg6
36.Kf3 Rg7 1/2-1/2

[Event "2. Bundesliga Ost 2010/2011"]
[Site "2+3.10.Zwettl,30.10-1.11.Wien,27+28.11.Wien,29+30.
[Date "2010.11.01"]
[Round "5"]
[Board "2"]
[White "Heiny, Johannes"]
[Black "Cvek, Robert"]
[Result "1/2-1/2"]
[WhiteElo "2263"]
[BlackElo "2494"]
[PlyCount "72"]
[EventDate "2010.10.02"]
[EventType "team"]
[EventRounds "11"]
[EventCountry "AUT"]
[WhiteTeam "Aljechin/Wieden"]
[BlackTeam "ASVOE Pamhagen"]

1.Nf3 c5 2.g3 Nc6 3.Bg2 g6 4.O-O Bg7 5.c4 Nh6 6.Nc3 O-O 7.b3 d6 8.Bb2 Nf5 9.e3
a6 10.Qc2 Rb8 11.Ne2 e5 12.Rad1 Re8 13.d3 Bd7 14.Nd2 b5 15.Ne4 h5 16.N4c3 Nce7
17.Bc1 Qc7 18.Rde1 Qa7 19.e4 Nd4 20.Nxd4 cxd4 21.Nd5 Nxd5 22.exd5 bxc4 23.bxc4
Qc5 24.f4 f5 25.fxe5 dxe5 26.Kh1 Rec8 27.Qf2 Qb4 28.Re2 Qc3 29.Rd2 Be8 30.Qe2
Qa5 31.Rb2 Bd7 32.Qc2 Ba4 33.Qb1 Qc7 34.Rff2 e4 35.Bf4 Be5 36.dxe4 Bxf4 1/2-1/2

[Event "2. Bundesliga Ost 2010/2011"]
[Site "2+3.10.Zwettl,30.10-1.11.Wien,27+28.11.Wien,29+30.
[Date "2010.11.01"]
[Round "5"]
[Board "3"]
[White "Lipka, Juraj"]
[Black "Groetz, Harald"]
[Result "1/2-1/2"]
[WhiteElo "2414"]
[BlackElo "2321"]
[PlyCount "112"]
[EventDate "2010.10.02"]
[EventType "team"]
[EventRounds "11"]
[EventCountry "AUT"]
[WhiteTeam "ASVOE Pamhagen"]
[BlackTeam "Aljechin/Wieden"]

1.d4 Nf6 2.Nf3 g6 3.c4 Bg7 4.g3 O-O 5.Bg2 d6 6.O-O c6 7.Nc3 Bf5 8.Nh4 Be6 9.d5
cxd5 10.cxd5 Bd7 11.Be3 Na6 12.Bd4 Qb8 13.Ne4 Nxe4 14.Bxe4 Nc5 15.Bxg7 Kxg7
16.Bg2 a5 17.Nf3 f6 18.Nd4 b5 19.Qd2 b4 20.Rac1 Ra7 21.Rfd1 Rc7 22.h4 h5 23.Qe3
Rf7 24.Nc6 Bxc6 25.dxc6 Qb6 26.Rc4 Rxc6 27.Bxc6 Qxc6 28.b3 Kh7 29.Qe6 Kg7 30.Qd5
Qb6 31.g4 hxg4 32.Rxg4 f5 33.Rc4 Ne4 34.Qd4+ Qxd4 35.Rdxd4 Nc3 36.Rd2 Kf6 37.Rc8
Rh7 38.Ra8 Rxh4 39.Rxa5 Rd4 40.Rc2 Re4 41.Kf1 Ke6 42.a3 Nb1 43.axb4 Rxb4 44.Ra7
Kf6 45.Rcc7 e6 46.Rc6 Nd2+ 47.Ke1 Nxb3 48.Rxd6 Nc5 49.f3 Ke5 50.Rd2 g5 51.Rc2
Nb3 52.Kf2 Nd4 53.Rd2 f4 54.Rd7 Nf5 55.R7d3 Ne3 56.Rxe3+ fxe3+ 1/2-1/2

[Event "2. Bundesliga Ost 2010/2011"]
[Site "2+3.10.Zwettl,30.10-1.11.Wien,27+28.11.Wien,29+30.
[Date "2010.11.01"]
[Round "5"]
[Board "4"]
[White "Schlosser, Michael"]
[Black "Vitouch, Anatol"]
[Result "1/2-1/2"]
[WhiteElo "2331"]
[BlackElo "2262"]
[PlyCount "109"]
[EventDate "2010.10.02"]
[EventType "team"]
[EventRounds "11"]
[EventCountry "AUT"]
[WhiteTeam "Aljechin/Wieden"]
[BlackTeam "ASVOE Pamhagen"]

1.e4 Nc6 2.Nc3 Nf6 3.d4 d5 4.e5 Nd7 5.Nce2 Nb6 6.Ng3 e6 7.h4 Ne7 8.Nh5 Nd7 9.g4
c5 10.c3 Nc6 11.Be2 cxd4 12.cxd4 Qb6 13.Nf3 Bb4+ 14.Kf1 Rg8 15.Qd3 g6 16.Nf4 Nf8
17.a3 Be7 18.b4 Bd7 19.Be3 Nd8 20.Kg2 a6 21.Qd2 Bb5 22.Nd3 Nc6 23.Rhb1 Qd8 24.g5
Bc4 25.a4 b5 26.Nc5 Bxc5 27.bxc5 Nd7 28.Ne1 Ke7 29.Nc2 Qc7 30.Bxc4 bxc4 31.Nb4
Na5 32.Qc3 Rgb8 33.Qa3 Ke8 34.Ra2 Rb7 35.Rab2 Nb8 36.Na2 Rxb2 37.Rxb2 Nb3 38.Nc1
Nxc1 39.Bxc1 Nc6 40.Be3 Rb8 41.Qc3 Rb7 42.Bc1 Rxb2 43.Bxb2 Qb7 44.Kf1 Nb4 45.Bc1
Nd3 46.Be3 Qb1+ 47.Kg2 Qb4 48.Qxb4 Nxb4 49.Kf3 Na2 50.Ke2 Nc3+ 51.Kd2 Nxa4
52.Kc2 Kd7 53.Bc1 Kc6 54.Ba3 Kb5 55.Kd2 1/2-1/2

[Event "2. Bundesliga Ost 2010/2011"]
[Site "2+3.10.Zwettl,30.10-1.11.Wien,27+28.11.Wien,29+30.
[Date "2010.11.01"]
[Round "5"]
[Board "5"]
[White "Hangweyrer, Manfred"]
[Black "Albadri, Abd Al Sattar"]
[Result "1/2-1/2"]
[WhiteElo "2334"]
[BlackElo "2226"]
[PlyCount "83"]
[EventDate "2010.10.02"]
[EventType "team"]
[EventRounds "11"]
[EventCountry "AUT"]
[WhiteTeam "ASVOE Pamhagen"]
[BlackTeam "Aljechin/Wieden"]

1.Nf3 Nf6 2.d4 g6 3.Bg5 Bg7 4.c3 h6 5.Bxf6 exf6 6.e4 O-O 7.Bd3 d5 8.O-O dxe4
9.Bxe4 Re8 10.Nbd2 f5 11.Bc2 Be6 12.Re1 Nc6 13.Bb3 Qd7 14.Bxe6 Rxe6 15.Rxe6 Qxe6
16.Qb3 Qxb3 17.axb3 a6 18.b4 Re8 19.Kf1 Bf8 20.Nc4 f6 21.h3 Kf7 22.Ne1 g5 23.Nd3
f4 24.Na5 Nxa5 25.bxa5 Rd8 26.Ke2 c6 27.b4 Re8+ 28.Kd2 Bd6 29.Re1 Rxe1 30.Nxe1
Kg6 31.Ke2 Kh5 32.Kf3 Kh4 33.Ke2 Bc7 34.Nd3 b6 35.axb6 Bxb6 36.Nb2 a5 37.bxa5
Bxa5 38.Na4 f5 39.c4 g4 40.hxg4 fxg4 41.d5 cxd5 42.cxd5 1/2-1/2

[Event "2. Bundesliga Ost 2010/2011"]
[Site "2+3.10.Zwettl,30.10-1.11.Wien,27+28.11.Wien,29+30.
[Date "2010.11.01"]
[Round "5"]
[Board "6"]
[White "Batyte, Daiva"]
[Black "Kuthan, Andreas"]
[Result "1/2-1/2"]
[WhiteElo "2167"]
[BlackElo "2204"]
[PlyCount "36"]
[EventDate "2010.10.02"]
[EventType "team"]
[EventRounds "11"]
[EventCountry "AUT"]
[WhiteTeam "Aljechin/Wieden"]
[BlackTeam "ASVOE Pamhagen"]

1.c4 Nf6 2.Nc3 g6 3.g3 Bg7 4.Bg2 O-O 5.Nf3 d6 6.d4 Nbd7 7.O-O e5 8.e3 c6 9.b3
Re8 10.Bb2 e4 11.Nd2 d5 12.cxd5 cxd5 13.b4 Nf8 14.a4 h5 15.f3 exf3 16.Qxf3 Bg4
17.Qf2 Bf5 18.h3 Qd7 1/2-1/2

[Event "2. Bundesliga Ost 2010/2011"]
[Site "2+3.10.Zwettl,30.10-1.11.Wien,27+28.11.Wien,29+30.
[Date "2010.11.01"]
[Round "5"]
[Board "1"]
[White "Michalik, Peter"]
[Black "Polak, Thomas"]
[Result "1/2-1/2"]
[WhiteElo "2455"]
[BlackElo "2535"]
[PlyCount "59"]
[EventDate "2010.10.02"]
[EventType "team"]
[EventRounds "11"]
[EventCountry "AUT"]
[WhiteTeam "1. Wr. Neustaedter SV"]
[BlackTeam "SK Zwettl"]

1.e4 e5 2.Nf3 Nf6 3.Nxe5 d6 4.Nf3 Nxe4 5.Qe2 Qe7 6.d3 Nf6 7.Bg5 Nbd7 8.Nc3 Qxe2+
9.Bxe2 h6 10.Bf4 Nb6 11.O-O-O Bd7 12.d4 O-O-O 13.h3 g5 14.Bd2 Bg7 15.Rhe1 Rde8
16.Bd3 Rxe1 17.Rxe1 Re8 18.Rxe8+ Bxe8 19.Ne2 Nbd5 20.Ng3 Ne7 21.c3 Bd7 22.Ne1
Kd8 23.Nc2 Ng6 24.Ne3 Nh4 25.Ngf5 Nxf5 26.Nxf5 Bf8 27.Kd1 Nd5 28.Ke1 Ne7 29.Nxe7
Bxe7 30.Kf1 1/2-1/2